000 00481nam a2200181Ia 4500
001 16344
005 20260306170302.0
008 260306t2022||||xx |||||||||||||| ||und||
041 _aESP
082 _a348.411
_bP14
100 _aPadilla Villarraga, Andrea,
_eAUT
245 0 _aDerecho sintiente :
_blos animales no humanos en el derecho latinoamericano
260 _c2022
300 _a316 páginas :
_c21 cm.
650 _aGEN
654 _aCDE
942 _cLIB
_dJUS
_fJUS
_2ddc
_n
999 _c16344
_d16344